000 00718nam a2200217Ii 4500
003 JO-AjNU
008 230606s9999||||xx |||||||||||||| ||und||
020 _a0-13-140883-6
040 _aJO-AjNU
_beng
_erda
_cJO-AjNU
041 _aeng
050 1 4 _aPE1128.P4618.2003
100 3 _aPHILLIPS,DEBORAH,1952,
_eauthor
_96320
245 0 0 _aLongman PREPARATION COURSE FOR THE TOEFL TEST: The Paper Test
250 _adc21
264 3 1 _aPearson Education, Longman,2003
300 _a641p
336 _atext
_btxt
_2rdacontent
337 _aunmediated
_bn
_2rdamedia
338 _avolume
_bnc
_2rdacarrier
650 4 _aEnglish language -- Textbooks for foreign speakers.English language- Examinations-Study guides.
_96321
999 _aE3278
_c3274
_d3274